RADIOGRAPHIC IMAGING (Record no. 368)

MARC details
000 -LEADER
fixed length control field 00340nam a2200145Ia 4500
008 - FIXED-LENGTH DATA ELEMENTS--GENERAL INFORMATION
fixed length control field 150201s2004 xx 000 0 und d
082 ## - DEWEY DECIMAL CLASSIFICATION NUMBER
Classification number 616.0757
Item number R04C
100 ## - MAIN ENTRY--PERSONAL NAME
Personal name CHESNEY,MO
245 ## - TITLE STATEMENT
Title RADIOGRAPHIC IMAGING
250 ## - EDITION STATEMENT
Edition statement 4TH
260 ## - PUBLICATION, DISTRIBUTION, ETC. (IMPRINT)
Name of publisher, distributor, etc. CBS
Place of publication, distribution, etc. DELHI
Date of publication, distribution, etc. 2004
300 ## - PHYSICAL DESCRIPTION
Extent 1-530
650 ## - SUBJECT ADDED ENTRY--TOPICAL TERM
Topical term or geographic name as entry element RADIOLOGY & DIAGNOSIS
942 ## - ADDED ENTRY ELEMENTS (KOHA)
Source of classification or shelving scheme Dewey Decimal Classification
Koha item type Books
Koha issues (borrowed), all copies 31
Holdings
Withdrawn status Lost status Source of classification or shelving scheme Damaged status Not for loan Collection code Home library Current library Shelving location Date acquired Source of acquisition Cost, normal purchase price Serial Enumeration / chronology SGTU Bill Number Total Checkouts Full call number Barcode Date last seen Date last checked out Bill Date Koha item type
    Dewey Decimal Classification     MEDICAL SGT Medical Library SGT Medical Library Text Book 12/02/2010 U.B.S. DELHI 225.00 I SGTU 950 4 616.0757 R04C FM2013 06/07/2017 21/06/2017 26/03/2011 Books
    Dewey Decimal Classification     MEDICAL SGT Medical Library SGT Medical Library Text Book 12/02/2010 U.B.S. DELHI 225.00 I SGTU 950 19 616.0757 R04C FM2014 01/05/2026 01/05/2026 26/03/2011 Books
    Dewey Decimal Classification     MEDICAL SGT Medical Library SGT Medical Library Text Book 12/02/2010 U.B.S. DELHI 225.00 I SGTU 950 20 616.0757 R04C FM2015 11/11/2025 27/10/2025 26/03/2011 Books
    Dewey Decimal Classification     MEDICAL SGT Medical Library SGT Medical Library Text Book 12/02/2010 U.B.S. DELHI 225.00 I SGTU 950 8 616.0757 R04C FM2016 27/10/2025 07/10/2025 26/03/2011 Books
    Dewey Decimal Classification     MEDICAL SGT Medical Library SGT Medical Library Text Book 12/02/2010 U.B.S. DELHI 225.00 I SGTU 950 1 616.0757 R04C FM2017 07/12/2018 01/12/2018 26/03/2011 Books